| 000 | 00662nab a2200229 a 4500 | ||
|---|---|---|---|
| 005 | 20210219161938.0 | ||
| 008 | 991125s1985 mx 000 0 spa u | ||
| 035 | _aUPN01000194636 | ||
| 100 | 1 | _aFernández, Juan | |
| 100 | 1 | _ujfernandez@psi.ucm.es | |
| 222 | _aPAPELES DEL PSICOLOGO | ||
| 245 | _aPsicólogo/a educativo : formación y funciones | ||
| 260 | _aMadrid, España | ||
| 300 | _a116-122 | ||
| 362 | 0 | _a2013 Vol. 34, no. 2, may.-ago. | |
| 653 | 0 | _aPSICOLOGO EDUCATIVO | |
| 653 | 0 | _aFORMACION PROFESIONAL | |
| 653 | 0 | _aASESORIA | |
| 653 | 0 | _aINTERVENCION | |
| 856 | 1 | _uhttp://www.papelesdelpsicologo.es/pdf/2234.pdf | |
| 905 | _aArticulo | ||
| 999 |
_c166737 _d166737 |
||